000
00294nam a2200121Ia 4500
008
191201s2011 xx 000 0 und d
100
_a
JHA, Sudhir Nath
245
0
_a
Human Resource Management B.COM II
260
_a
N. Delhi
_b
Vikas Pub
_c
2011
300
_a
286
650
_a
MBA
942
_2
ddc
_c
BK
999
_c
286
_d
286